00000000nam 2200000zi 4500
0019.945758
003CaOODSP
00520241213112304
006m     o  d f      
007cr mn|||||||||
008241129s1974    onca    ob   f000 0 fre d
040 |aCaOODSP|bfre|erda|cCaOODSP
043 |an-cn---
0861 |aId32-8/1974F-PDF
24500|aIndustrie canadienne de maisons préfabriquées : |bétude des possibilités d'exportation.
264 1|aOttawa, Canada : |bDivision des produits ouvrés du bois, Direction de la transformation des richesses naturelles et de la construction, Ministère de l'industrie et du commerce, |c1974.
300 |a1 ressource en ligne (51 pages, 2 pages non numérotées) : |billustration
336 |atexte|btxt|2rdacontent/fre
337 |ainformatique|bc|2rdamedia/fre
338 |aressource en ligne|bcr|2rdacarrier/fre
500 |aPublié aussi en anglais sous le titre : Export opportunity survey for the products of the Canadian manufactured homes industry.
500 |aÉdition numérisée de l'imprimé [par Innovation, sciences et développement économique Canada].
504 |aComprend des références bibliographiques (page 51).
650 6|aMaisons préfabriquées|xIndustrie|zCanada.
650 6|aMaisons mobiles|xIndustrie|zCanada.
650 6|aConstruction modulaire|xIndustrie|zCanada.
650 6|aConstruction|xMatériaux|xIndustrie|zCanada.
650 6|aÉtudes de marché.
651 6|aCanada|xCommerce.
7101 |aCanada. |bMinistère de l'industrie et du commerce. |bDivision des produits ouvrés du bois, |eorganisme de publication.
77508|tExport opportunity survey for the products of the Canadian manufactured homes industry.|w(CaOODSP)9.934216
85640|qPDF|s1.81 Mo|uhttps://publications.gc.ca/collections/collection_2024/isde-ised/Id32-8-1974-fra.pdf